Webster's English language desk reference : (Record no. 305849)
[ view plain ]
| 000 -LEADER | |
|---|---|
| fixed length control field | 00841nam a2200289Ia 4500 |
| 008 - FIXED-LENGTH DATA ELEMENTS--GENERAL INFORMATION | |
| fixed length control field | 170203s9999 xx 000 0 und d |
| 020 ## - INTERNATIONAL STANDARD BOOK NUMBER | |
| International Standard Book Number | 0 517224348 |
| 050 ## - LIBRARY OF CONGRESS CALL NUMBER | |
| Classification number | 413 |
| 050 ## - LIBRARY OF CONGRESS CALL NUMBER | |
| Item number | W378 1999 |
| 245 ## - TITLE STATEMENT | |
| Title | Webster's English language desk reference : |
| 245 ## - TITLE STATEMENT | |
| Remainder of title | the all-in-one dictionary, thesaurus, vocabulary builder, and grammar guide / |
| 250 ## - EDITION STATEMENT | |
| Edition statement | 2nd edition. |
| 260 ## - PUBLICATION, DISTRIBUTION, ETC. (IMPRINT) | |
| Place of publication, distribution, etc | New York : |
| 260 ## - PUBLICATION, DISTRIBUTION, ETC. (IMPRINT) | |
| Name of publisher, distributor, etc | Gramercy Books, |
| 260 ## - PUBLICATION, DISTRIBUTION, ETC. (IMPRINT) | |
| Date of publication, distribution, etc | 1999 |
| 300 ## - PHYSICAL DESCRIPTION | |
| Extent | 758 pages ; |
| 300 ## - PHYSICAL DESCRIPTION | |
| Dimensions | 22 cm. |
| 500 ## - GENERAL NOTE | |
| General note | Revised and expanded; Includes index. |
| 650 ## - SUBJECT ADDED ENTRY--TOPICAL TERM | |
| Topical term or geographic name as entry element | English language -- |
| 650 ## - SUBJECT ADDED ENTRY--TOPICAL TERM | |
| Topical term or geographic name as entry element | English language -- |
| 650 ## - SUBJECT ADDED ENTRY--TOPICAL TERM | |
| Topical term or geographic name as entry element | English language -- |
| 650 ## - SUBJECT ADDED ENTRY--TOPICAL TERM | |
| Topical term or geographic name as entry element | Spellers. |
| 650 ## - SUBJECT ADDED ENTRY--TOPICAL TERM | |
| Topical term or geographic name as entry element | Vocabulary. |
| 650 ## - SUBJECT ADDED ENTRY--TOPICAL TERM | |
| General subdivision | Dictionaries. |
| 650 ## - SUBJECT ADDED ENTRY--TOPICAL TERM | |
| General subdivision | Grammar -- Handbooks, manuals, etc. |
| 650 ## - SUBJECT ADDED ENTRY--TOPICAL TERM | |
| General subdivision | Synonyms and antonyms. |
| Withdrawn status | Lost status | Damaged status | Home library | Current library | Shelving location | Date acquired | Total Checkouts | Full call number | Barcode | Date last seen | Price effective from | Koha item type |
|---|---|---|---|---|---|---|---|---|---|---|---|---|
| Stonyhurst Southville International School (Batangas) | Stonyhurst Southville International School (Batangas) | 02/03/2017 | Ref. 413 .W378 1999 | US- 0733 | 02/03/2017 | 02/03/2017 | Books |